| 000 | 00714nam a2200205 i 4500 | ||
|---|---|---|---|
| 001 | 69907 | ||
| 003 | ES-MaACL | ||
| 005 | 20250223234432.0 | ||
| 007 | t| | ||
| 008 | 040713s1984 sp ||||1| spa d | ||
| 100 | 1 |
_aGarcía Lorca, Federico, _d1898-1936 _954853 |
|
| 245 | 1 | 0 |
_aLibro de poemas _b: [1918-1920] / _cFederico García Lorca ; edición, introducción y notas de Mario Hernández. |
| 260 |
_a[Madrid] : _bAlianza, _c[1984] |
||
| 300 |
_a271 p. ; _c18 cm. |
||
| 490 | 1 |
_aObras de Federico García Lorca ; _v14 |
|
| 700 | 1 |
_aHernández, Mario, _d1945- _9151331 |
|
| 830 | 0 |
_aObras de Federico García Lorca ; _v14 _9183288 |
|
| 852 |
_aES-MaACL _jL-7172 _bR.107865 |
||
| 999 |
_c69907 _d69907 |
||